Les mers de l'océan Arctique - Statistiques

Statistiques générales
  • Ce quiz a été pris 25 fois
  • Le résultat moyen est 8 sur 25
Réponses sur la Carte
Les réponses sont colorées sur une échelle allant du rouge au vert en fonction du pourcentage des utilisateurs qui les ont devinées à leur premier essai. Vous pouvez retrouver ces pourcentages ci-dessous.
 
Statistiques - réponses
Réponses % Correct
Mer de Norvège
75%
Mer du Groenland
75%
Mer Blanche
67%
Mer de Bering
58%
Mer de Kara
58%
Baie d'Hudson
50%
Détroit de Bering
50%
Mer de Beaufort
50%
Mer du Labrador
50%
Mer de Barents
42%
Mer de Laptev
42%
Baie de Baffin
33%
Mer de Sibérie orientale
33%
Mer des Tchouktches
33%
Mer d'Okhotsk
33%
Détroit de Davis
25%
Détroit du Danemark
25%
Golfe d'Alaska
17%
Passage du Nord-Ouest
17%
Détroit d'Hudson
0%
Golfe d'Amundsen
0%
Golfe de Chelikhov
0%
Golfe d'Ob
0%
Mer de Lincoln
0%
Mer de Wandel
0%
Aucun quiz correspondant
Distribution des résultats
% des personnes avec chaque résultat
Percentile par nombre de réponses
Votre historique - résultats
Vous n’avez pas pris ce quiz